000 00421nam a2200145Ia 4500
008 100122s9999 xx 000 0 und d
082 _b28611
_a823.08
100 _aसिनकर श्रीकांत
245 _aचार्जशीट
260 _bदिलीप प्रकाशन
_c1977
300 _a218
630 _aचार्जशीट
730 _aचार्जशीट
942 _cBOOK
999 _c414211
_d414208